Loading...
| Literature - American | 0 | 6 | 1 | 1 | 55 | 86 | 115.17 | 0 | 1 | 11.07 | 27.50 |
| Literature - European | 0 | 5 | 0 | 1 | 50 | 78 | 119.20 | 0 | 1 | 7.62 | 21.36 |
| Literature - World | 0 | 3 | 0 | 0 | 30 | 98 | 116.67 | 0 | 0 | 5.32 | 13.56 |
| Other Academic | 0 | 1 | 0 | 0 | 10 | 81 | 81.00 | 0 | 0 | 8.80 | 14.58 |
| Philosophy | 0 | 1 | 0 | 0 | 10 | 82 | 82.00 | 1 | 1 | 2.87 | 3.33 |
| Fine Arts - Other | 0 | 1 | 0 | 0 | 10 | 91 | 91.00 | 0 | 1 | 2.89 | 8.33 |
| Social Science | 0 | 1 | 0 | 0 | 10 | 66 | 66.00 | 0 | 0 | 4.00 | 6.67 |
| Fine Arts - Painting and Sculpture | 0 | 1 | 0 | 0 | 10 | 95 | 95.00 | 0 | 0 | 2.34 | 4.55 |
| Literature - British | 0 | 1 | 0 | 0 | 10 | 110 | 110.00 | 0 | 0 | 2.31 | 3.33 |